Introduction to lattice theory

Αποθηκεύτηκε σε:
Λεπτομέρειες βιβλιογραφικής εγγραφής
Κύριος συγγραφέας: Szasz, Gabor
Μορφή: Βιβλίο
Γλώσσα:English
Δημοσίευση: New York : Academic Press, c1963, (1964 printing)
Έκδοση:3d rev. and enl. ed.
Θέματα:
Ετικέτες: Προσθήκη ετικέτας
Δεν υπάρχουν, Καταχωρήστε ετικέτα πρώτοι!

MARC

LEADER 00000cam a2200000 i 4500
001 1/98233
008 081126r19641963 eng d
035 |l 10102018 
040 |a GR-MY-UA  |b gre  |e aacr 
041 0 |a eng 
082 0 |a 511.33  |2 (22) 
100 1 |a Szasz, Gabor. 
245 1 0 |a Introduction to lattice theory /  |c by Gabor Szasz ; [translated by B. Balkay and G. Toth] 
250 |a 3d rev. and enl. ed. 
260 |a New York :   |b Academic Press,   |c c1963, (1964 printing) 
300 |a 229 σ.;  |b εικ.;  |c 25 εκ. 
504 |a Περιέχει βιβλιογραφία (σ. 216-224) και ευρετήριο 
650 0 0 |a Lattice theory. 
852 |a INST  |b SAMOS  |c MAG  |e 20081126  |h 511.33 SZA  |p 005300029612  |q 005300029612  |t BK  |y 0 
901 |a BIBL3-2008-3 
909 |a Σ  |b 155367 
970 |a ΣΙΤΖΙΜΗ  |b ΓΙΑΣΕΜΗ  |z 2008/11/26